00522nam a2200205Ia 4500003000400000005001700004008004100021020001800062040000700080041001200087082001800099100001900117245004300136260004000179300003000219365001300249650001500262700001700277700002200294OSt20251024160254.0210423s2015 xx 000 0 und d a9788130919119 cAL aEnglish a801.97 bBARC aFrancis Barker aColonial discourse postcolonial theory aNew DelhibViva Books Pvt Ltdc2015 avii,288p.bPBc23x15.2cm. b595cINR aLiterature aHulme, Peter aIversen, Margaret